Biblioteca

La carrera armamentista de América Latina (Registro nro. 51295)

Detalles MARC
000 -LÍDER
Campo fijo de descripción fija 00940aab a2200193 i 4500
001 - NÚMERO DE CONTROL
Campo de control 768714001
003 - IDENTIFICADOR DEL NÚMERO DE CONTROL
Campo de control CO-MdFUSB
005 - FECHA Y HORA DE LA ULTIMA TRANSACCIÓN
control field 20240422095037.0
008 - ELEMENTOS DE LONGITUD FIJA -- INFORMACIÓN GENERAL
Campo fijo de descripción fija -- Información general 240415t1982 ag ||||| |||| 00| 0 spa d
040 ## - FUENTE DE CATALOGACIÓN
Idioma de catalogación spa
Agencia que realiza la transcripción CO-MdFUSB
041 ## - CÓDIGO DE IDIOMA
Código de idioma para texto/pista de sonido o título separado spa
100 1# - ASIENTO PRINCIPAL--NOMBRE PERSONAL
Nombre personal Saracco, Norberto
Término relacionador autor
245 #3 - TÍTULO
Título La carrera armamentista de América Latina
Mención de responsabilidad / Norberto Saracco
300 ## - DESCRIPCIÓN FÍSICA
Extensión Volumen 1, número 2, (julio - septiembre, 1982), páginas: 36 - 37
Dimensiones ; 27 cm
520 ## - NOTA DE RESUMEN, ETC.
Nota de sumario, etc. Menciona tres aspectos de la guerra de las Malvinas: (1) La guerra es posible en América Latina; (2) los intereses económicos son más fuertes que los pactos militares; (3) los tratados de defensa interamericanos son, en realidad, tratados para defender los intereses de los Estados Unidos.
650 #7 - ASIENTO SECUNDARIO DE MATERIA - TERMINO TEMÁTICO
Término temático o nombre geográfico como elemento de entrada Guerra civil
9 (RLIN) 2123
773 0# - ASIENTO DE ITEM FUENTE
Título Iglesia y Misión
Biblionumber 49402
Itemnumber 59626
Parte(s) relacionada(s) / Volumen., número. (mes año), páginas Volumen 1, número 2, (julio - septiembre, 1982), páginas: 36 - 37
Enumeración y primera página página: 36
942 ## - TIPO DE MATERIAL (KOHA)
Tipo de Item KOHA Artículos de Revista
Existencias
Expurgo - (Retirado) Estado de Perdido Estado de Dañado No prestable Colección Ubicación habitual Ubicación actual Fecha de Adquisición Signatura Topográfica Tipo de Material
        Colección de Hemeroteca Biblioteca FUSBC Biblioteca FUSBC 26/01/2016 Artículos de Revista

Biblioteca FUSBC | Teléfono: (57+4) 349 88 10 Ext. 141| WhatsApp (+57) 3005338115 
E-mail: biblioteca@unisbc.edu.co | Calle 76 87-14 Robledo Palenque, Medellín, Colombia

Con tecnología Koha